Milon's quick-fix : the mechanics of good writing

Bibliographic Details
Main Author: Nandy, Milon
Format: Book
Published: Selangor : Top Hat Publication , 2018
Subjects:

MARC

LEADER 00000cam a2200000 7i4500
001 0000081737
005 20190304.0
008 190102
020 |a 9789670827018 
041 0 |a English 
090 0 0 |a 428.2   |b NAN 
100 1 |a Nandy, Milon 
245 0 0 |a Milon's quick-fix :   |b the mechanics of good writing   |c Milon Nandy & Manoj Nandy 
260 |a Selangor :   |b Top Hat Publication ,   |c 2018 
300 |a 199p. ;   |c 21cm. 
541 0 0 |c Purchased on 2018   |f 2018/11 IBZ   |h RM26.90 
650 0 |a English language   |x Writing 
999 |a 0001548878   |b Book   |c Adult Collection   |e Cawangan Bandar Penawar 
999 |a 0001548879   |b Book   |c Adult Collection   |e Cawangan Mersing 
999 |a 0001548880   |b Book   |c Adult Collection   |e Cawangan Kota Tinggi 
999 |a 0001548881   |b Book   |c Adult Collection   |e Cawangan Bandar Tenggara 
999 |a 0001548882   |b Book   |c Adult Collection   |e Cawangan Muar 
999 |a 0001548883   |b Book   |c Adult Collection   |e Cawangan Segamat 
999 |a 0001548884   |b Book   |c Adult Collection   |e Cawangan Tangkak 
999 |a 0001548886   |b Book   |c Adult Collection   |e Cawangan Taman Sri Lambak 
999 |a 0001548887   |b Book   |c Adult Collection   |e Cawangan Taman Sri Lambak 
999 |a 0001548888   |b Book   |c Adult Collection   |e Cawangan Tmn. Ungku Tun Aminah 
999 |a 0001548889   |b Book   |c Adult Collection   |e Cawangan Bukit Gambir 
999 |a 0001548890   |b Book   |c Adult Collection   |e Cawangan Sri Merlong 
999 |a 0001549039   |b Book   |c Adult Collection   |e Perbadanan Perpustakaan Awam Johor 
999 |a 0001549040   |b Book   |c Adult Collection   |e Perbadanan Perpustakaan Awam Johor 
999 |a 0001549041   |b Book   |c Adult Collection   |e Cawangan Urban Transformation Centre 
999 |a 0001549042   |b Book   |c Adult Collection   |e Cawangan AEON Kulaijaya